Responses for Show #7873 - Wednesday, November 28, 2018

Contestants

[<< previous game]

Adriana Ciccone, a data scientist from San Francisco, California

Andrew Miller, a law clerk from Chicago, Illinois

Dylan Hamilton, a pediatric dentist from Durham, North Carolina (whose 2-day cash winnings total $25,598)

[next game >>]

Jeopardy! Round responses

DENZEL WASHINGTON FILMS BY ROLE
ACCIDENTS OF HISTORY
5-LETTER WORDS
ON THE MOVE
RIVERS OF CALIFORNIA
THAT'S SOME GIFT!
    $200 26
[The end-of-round signal sounds.]

Remember the Titans

Dylan
    $200 11
Chappaquiddick

Andrew
    $200 1
a lunge

Triple Stumper
    $200 6
a terminal

Adriana
    $200 25
(Alex: Less than a minute now.)

the Sacramento

Adriana
    $200 16
the Statue of Liberty

Adriana
    $400 12
Newton

Adriana
    $400 2
a hound

Andrew
    $400 7
skateboarding

Andrew
    $400 22
(Adriana: What are rapids?)
(Dylan: What is nuclear?)
(Andrew: What are rapids?)

rafting

DylanAndrewAdriana
Triple Stumper
    $400 17
(General) Sherman

Dylan
    $600 13
Amelia Earhart

Adriana
    $600 3
a hissy fit

Adriana
    $600 8
H.M.S.

Dylan
    $600 23
trout

Andrew
    $600 18
Victoria Beckham

Adriana
    $800 14
Scotchgard

Triple Stumper
    $800 4
flume

Dylan
    $800 9
(Dylan: What is the Delaware?)

Ohio

DylanAdriana
    $800 24
the Colorado

Andrew
    $3,000 19
pandas

Adriana
    $1000 15
Three Mile Island

Adriana
    $1000 5
(Andrew: What is a ninja?)

a ronin

Andrew
Triple Stumper
    $1000 10
Conestoga wagon

Adriana
    $1000 21
the Mojave

Adriana
    $1000 20
myrrh

Andrew

Scores at the first commercial break (after clue 15):

Dylan Andrew Adriana
$600 $0 $4,600

Scores at the end of the Jeopardy! Round:

Dylan Andrew Adriana
$800 $2,000 $9,200

Double Jeopardy! Round responses

HERE COMES THE CAVALRY!
INVENTORS & INVENTIONS
FICTION OF THE 20-TEENS
THAT'S TOUGH TO "UN"DO
THE HILLS ARE ALIVE
THE SOUND OF MUSIC
    $400 26
(Dylan: What is the Spanish-American?)
...
(Alex: Less than a minute now.)

World War II

DylanAndrew
    $400 19
(Dylan: What's a microscope?)
(Andrew: What's a telescope?)

a thermometer

DylanAndrew
Triple Stumper
    $400 25
Joan of Arc

Adriana
    $400 1
unring

Andrew
    $400 7
hibernate

Dylan
    $400 20
Simon and Garfunkel

Adriana
    $800 30
(Dylan: What is a brace?)

a stirrup

DylanAdriana
    $800 18
(Clarence) Birdseye

Adriana
    $800 14
(Dylan: What are... farmers?)
(Adriana: What are lawyers?)

law students

DylanAdriana
Triple Stumper
    $800 2
unscramble

Andrew
    $800 8
the Black Hills

Adriana
    $800 21
synth-pop

Adriana
    $1200 29
Ney

Triple Stumper
    $1200 15
Bakelite

Adriana
    $1200 13
the moon

Adriana
    $1200 3
unsee

Andrew
    $3,000 9
edelweiss

Adriana
    $1200 22
Pro Tools

Triple Stumper
    $1600 28
Sweden

Andrew
    $3,000 16
(John Landis) Mason

Adriana
    $1600 12
Thomas Pynchon

Triple Stumper
    $1600 4
unbreak

Andrew
    $1600 10
the World Wildlife Fund

Andrew
    $1600 23
(Dylan: Who is James Brown?)

Marvin Gaye

Dylan
Triple Stumper
    $2000 27
a busby

Triple Stumper
    $2000 17
the jenny

Andrew
    $2000 11
Donna Tartt

Andrew
    $2000 5
[Applause for Andrew running the category]

unstrung

Andrew
    $2000 6
Tuscany

Dylan
    $2000 24
Shaft

Triple Stumper

Scores at the end of the Double Jeopardy! Round:

Dylan Andrew Adriana
-$800 $15,200 $20,800

[wagering suggestions for these scores]

Final Jeopardy! Round responses

HISTORICAL FIRSTS
(Alex: Two days after an unfortunate, very sad event here in America.)
AndrewWhat is the Star Spangled Banner
$3,000
AdrianaWhat is the US national anthem star
$9,601
"The Star-Spangled Banner" (or the U.S. national anthem)

Final scores:

Dylan Andrew Adriana
-$800 $18,200 $30,401
3rd place: $1,000 2nd place: $2,000 New champion: $30,401

Game dynamics:

Coryat scores:

Dylan Andrew Adriana
-$800 $15,200 $15,400
6 R,
7 W
16 R,
3 W
22 R
(including 3 DDs),
2 W

Combined Coryat: $29,800

[game clues] [game scores] [suggest correction]

Game tape date: 2018-10-10
The J! Archive is created by fans, for fans. Scraping, republication, monetization, and malicious use prohibited; this site may use cookies and collect identifying information. See terms. The Jeopardy! game show and all elements thereof, including but not limited to copyright and trademark thereto, are the property of Jeopardy Productions, Inc. and are protected under law. This website is not affiliated with, sponsored by, or operated by Jeopardy Productions, Inc. Join the discussion at JBoard.tv.